<?xml version="1.0" encoding="UTF-8"?>
<collection xmlns="http://www.loc.gov/MARC21/slim">
 <record>
  <leader>01114nas a22002771  4500</leader>
  <controlfield tag="001">1/50812</controlfield>
  <controlfield tag="008">020221c19529999enkqrzp           a0eng d</controlfield>
  <datafield tag="022" ind1=" " ind2=" ">
   <subfield code="a">0295-5830</subfield>
  </datafield>
  <datafield tag="035" ind1=" " ind2=" ">
   <subfield code="l">22991</subfield>
  </datafield>
  <datafield tag="090" ind1=" " ind2=" ">
   <subfield code="a">Αλφαβητική σειρά</subfield>
  </datafield>
  <datafield tag="245" ind1="0" ind2="0">
   <subfield code="a">Revue de droit des affaires internationales =</subfield>
   <subfield code="b">International business law journal</subfield>
  </datafield>
  <datafield tag="246" ind1="1" ind2="2">
   <subfield code="a">International business law journal</subfield>
  </datafield>
  <datafield tag="260" ind1=" " ind2=" ">
   <subfield code="a">Paris :</subfield>
   <subfield code="b">Librairie gβenβerale de droit et de jurisprudence,</subfield>
   <subfield code="c">1985-</subfield>
  </datafield>
  <datafield tag="300" ind1=" " ind2=" ">
   <subfield code="a">v. ;</subfield>
   <subfield code="c">30 cm.</subfield>
  </datafield>
  <datafield tag="310" ind1=" " ind2=" ">
   <subfield code="a">Eight no. a year</subfield>
  </datafield>
  <datafield tag="362" ind1="0" ind2=" ">
   <subfield code="a">No.1(1999)-v.XLVII, no.4(Dec. 1999)</subfield>
  </datafield>
  <datafield tag="546" ind1=" " ind2=" ">
   <subfield code="a">In French, with English summaries of articles</subfield>
  </datafield>
  <datafield tag="650" ind1=" " ind2="4">
   <subfield code="a">Double taxation</subfield>
   <subfield code="x">Treaties</subfield>
   <subfield code="v">Periodicals.</subfield>
  </datafield>
  <datafield tag="650" ind1=" " ind2="4">
   <subfield code="a">Commercial law</subfield>
   <subfield code="v">Periodicals.</subfield>
  </datafield>
  <datafield tag="650" ind1=" " ind2="4">
   <subfield code="a">Double taxation</subfield>
   <subfield code="v">Periodicals.</subfield>
  </datafield>
  <datafield tag="650" ind1=" " ind2="4">
   <subfield code="a">International finance</subfield>
   <subfield code="x">Law and legislation</subfield>
   <subfield code="v">Periodicals.</subfield>
  </datafield>
  <datafield tag="650" ind1=" " ind2="4">
   <subfield code="a">Taxation</subfield>
   <subfield code="x">Law and legislation</subfield>
   <subfield code="v">Periodicals.</subfield>
  </datafield>
  <datafield tag="650" ind1=" " ind2="4">
   <subfield code="a">Commerce</subfield>
   <subfield code="x">Law and legislation</subfield>
   <subfield code="v">Periodicals.</subfield>
  </datafield>
  <datafield tag="856" ind1="4" ind2="1">
   <subfield code="u">http://www.iblj.com.</subfield>
  </datafield>
  <datafield tag="950" ind1=" " ind2=" ">
   <subfield code="c">ΑΡΧΕΙΟ ΠΕΡΙΟΔΙΚΩΝ</subfield>
   <subfield code="d">538</subfield>
  </datafield>
  <datafield tag="951" ind1=" " ind2=" ">
   <subfield code="a">Vol.38 no.1(1998) -  (v.XLVII no.4(Dec. 1999))</subfield>
   <subfield code="b">Main run</subfield>
  </datafield>
 </record>
</collection>
